[Event "Tatra Limba Master 2022"]
[Site "Poronin"]
[Date "2022.01.10"]
[Round "7.8"]
[White "Mroz, Lena"]
[Black "Wysocki, Mateusz"]
[Result "0-1"]
[WhiteElo "1835"]
[BlackElo "1848"]
[Annotator "NA RC"]
[PlyCount "86"]
[EventDate "2022.01.07"]
[EventType "swiss"]
[EventCountry "POL"]
[SourceTitle "playchess.com"]
[Source "ChessBase"]
[SourceQuality "1"]
[TimeControl "5400+30"]

{[%evp 8,86,54,-7,39,-16,33,53,50,25,35,29,36,-39,42,4,75,55,66,90,86,33,34,39,36,15,16,7,14,9,19,0,0,6,0,-10,0,0,29,0,0,12,0,-7,-7,-25,-12,-83,-43,-27,-40,-66,-17,-25,-3,32767,32767,32767,32767,-3,26,10,0,-29,-13,32767,32767,32767,32767,32767,-256,-258,-294,-396,-445,-422,-436,-654,-707,-1517,-1755]} 1. e4 {[%emt 0:00:02]} d5 {[%emt 0:00:40]} 2. exd5 {[%emt 0:00:19]} Nf6 {[%emt 0:00:08]} 3. d4 {[%emt 0:02:22]} Nxd5 {[%emt 0:00:06]} 4. c4 {[%emt 0:02:02]} Nb6 {[%emt 0:00:11]} 5. h3 {[%emt 0:04:47]} Bf5 {[%emt 0:09:39]} (5... e5 $11) 6. Be3 {[%emt 0:10:27]} (6. Nf3 $14) 6... Nc6 {[%emt 0:03:29]} (6... e5 $5 {[%cal Re5d4]}) 7. Nc3 {[%emt 0:03:34]} e6 {[%emt 0:02:33]} 8. Rc1 {[%emt 0:19:42]} Be7 {[%emt 0:02:46]} 9. Nf3 {[%emt 0:04:03]} O-O {[%emt 0:00:30]} 10. Bd3 {[%emt 0:01:58] [#]} (10. Be2 $14) 10... Bxd3 {[%emt 0:03:14]} (10... Nxd4 $1 $11 11. Bxd4 (11. Nxd4 Bxd3 12. Qxd3 e5 $11) 11... Bxd3 12. Qxd3 c5) 11. Qxd3 {[%emt 0:00:10]} Nb4 {[%emt 0:00:12]} (11... f5 $11) 12. Qe2 {[%emt 0:01:51]} c5 {[%emt 0:00:07] [#]} 13. O-O $1 {[%emt 0:02:10]} cxd4 {[%emt 0:05:23]} 14. Bxd4 {[%emt 0:01:15]} Nc6 {[%emt 0:02:35]} 15. Be3 {[%emt 0:03:55]} a6 {[%emt 0:12:13]} 16. Rfd1 {[%emt 0:06:38]} Qc7 {[%emt 0:04:28]} 17. b3 {[%emt 0:07:18]} Rad8 {[%emt 0:01:07]} 18. Ne4 {[%emt 0:05:44]} Nd7 {[%emt 0:03:19]} 19. Kh1 {[%emt 0:06:33]} h6 {[%emt 0:03:55]} 20. Bd2 {[%emt 0:08:02]} Rfe8 {[%emt 0:06:05]} 21. Bc3 {[%emt 0:00:37]} Nf8 {[%emt 0:09:54]} 22. Qb2 {[%emt 0:01:33]} Qf4 {[%emt 0:01:22]} 23. Ng3 {[%emt 0:02:09]} ({Avoid the trap} 23. Bxg7 $2 Qxe4 24. Bxh6 (24. Rxd8 $2 Rxd8 25. Bxh6 e5 $19) 24... e5 $19) 23... f6 {[%emt 0:01:38]} 24. Bd2 {[%emt 0:01:39]} Qc7 {[%emt 0:02:14]} 25. Bc3 {[%emt 0:01:38]} e5 {[%emt 0:01:08]} 26. Nf5 {[%emt 0:00:42]} Ne6 {[%emt 0:00:45]} 27. Kg1 {[%emt 0:01:18]} (27. b4 $11 {keeps the balance.}) 27... Bf8 {[%emt 0:00:48]} (27... Nf4 $17 28. Ra1 Bb4 29. Bxb4 Nxb4) 28. Ne3 {[%emt 0:00:50]} Qf7 {[%emt 0:00:53]} 29. Nd5 {[%emt 0:00:38] [#]} Bc5 {[%emt 0:03:51]} (29... e4 $1 $17 {[%cal Re4f3]} 30. Nh4 Nc5) 30. b4 {[%emt 0:00:24]} Bd4 {[%emt 0:00:27]} 31. Bxd4 {[%emt 0:00:28]} Ncxd4 {[%emt 0:00:06]} 32. Nxd4 {[%emt 0:00:11]} Nxd4 {[%emt 0:00:05]} 33. Kh1 {[%emt 0:01:17]} Rc8 {[%emt 0:01:25]} 34. a3 {[%emt 0:00:32]} Qe6 {[%emt 0:01:19]} 35. Qb1 {[%emt 0:00:32]} b5 {[%emt 0:01:37]} 36. Ne3 {[%emt 0:00:25]} bxc4 {[%emt 0:00:39]} 37. Qb2 {[%emt 0:00:36]} Rc7 {[%emt 0:00:59]} 38. Rc3 {[%emt 0:00:28]} Nb5 {[%emt 0:02:11]} 39. Rc2 {[%emt 0:00:32]} c3 {[%emt 0:04:52]} 40. Qc1 {[%emt 0:00:21]} (40. Qa2 {was called for.}) 40... Rec8 {[%emt 0:00:28]} 41. Qa1 {[%emt 0:00:38]} Nd4 {[%emt 0:00:19]} 42. Ra2 {[%emt 0:00:34]} (42. Rcc1 $142) 42... c2 {[%emt 0:00:41]} 43. Rc1 {[%emt 0:00:19]} Nb3 $19 {[%emt 0:00:09]} 0-1

[Event "Tatra Limba Master 2022"]
[Site "Poronin"]
[Date "2022.01.10"]
[Round "7.9"]
[White "Smietanska, Wiktoria"]
[Black "Gajdzica, Maciej"]
[Result "1-0"]
[WhiteElo "1910"]
[BlackElo "1960"]
[Annotator "TA"]
[PlyCount "93"]
[EventDate "2022.01.07"]
[EventType "swiss"]
[EventCountry "POL"]
[SourceTitle "playchess.com"]
[Source "ChessBase"]
[SourceQuality "1"]

{[%evp 23,93,12,17,0,0,3,19,19,18,22,69,62,68,68,81,63,79,53,68,45,75,21,136,0,106,104,129,132,198,155,151,181,165,76,87,43,41,38,181,0,0,0,0,0,0,0,101,0,0,0,87,0,2131,2131,29986,29987,29985,29986,29990,29984,29984,29985,29985,29986,29988,29989,29992,29993,29994,29994,29998,29999]} 1. e4 c5 2. Nf3 Nc6 3. d4 cxd4 4. Nxd4 Nf6 5. Nc3 e5 6. Ndb5 d6 7. Bg5 a6 8. Na3 b5 9. Nd5 Be7 10. Bxf6 Bxf6 11. c4 b4 12. Nc2 a5 13. g3 {B33: Sicilian: Pelikan and Sveshnikov Variations.} O-O 14. Bg2 Be6 {14...g6 is setting a new trend.} 15. O-O {The position is equal.} Rc8 16. b3 g6 (16... Bg5 $11 {was preferrable.}) 17. Nxf6+ $14 Qxf6 18. Qd2 {[#]} Qe7 $146 ({Predecessor:} 18... Rfd8 19. h3 Kg7 20. Kh2 g5 21. Rad1 h6 22. Qe3 Rb8 23. Rd3 a4 {0-1 (69) Loew,P (2047)-Wuerdinger,A (2102) Bayern 2010}) 19. Rad1 Qa7 20. Qh6 (20. Qxd6 Rfd8 21. Qxc6 Rxd1 22. Qxc8+ Bxc8 $15) 20... Qc5 {[%cal Oa5a4]} 21. Kh1 Kh8 22. f4 (22. Rd3 $16) 22... f5 (22... exf4 $1 $11 23. Rxf4 (23. Qxf4 Rcd8 $14) 23... Qe5) 23. Rd2 (23. g4 $16 Ne7 24. gxf5) 23... exf4 (23... fxe4 $11 24. Bxe4 Ne7) 24. Rxf4 $16 Ne5 25. Nd4 $1 ({But not} 25. Rh4 Bg8 $14) 25... Bd7 (25... Ng4 $16 {was worth a try.} 26. Rxg4 (26. Nxe6 Nxh6 27. Nxc5 dxc5 $14) 26... fxg4) 26. Rh4 (26. exf5 $18 gxf5 27. Re2 (27. Rh4 Rf7 $16)) 26... Rf7 27. exf5 gxf5 28. Bd5 (28. Ne6 $18 Bxe6 29. Qxe6) 28... Rg7 29. Ne6 {White is much more active.} ({Better is} 29. h3 $16) 29... Bxe6 $14 30. Qxe6 Ng6 {[#] To avoid Rf4} (30... Rf8 $14) 31. Rh6 $2 (31. Rh5 $1 $18) 31... Rf8 $11 32. Rd1 Qf2 {To avoid Rf1} 33. Qxd6 {[%cal Oh6g6] Hoping for Rxg6!} Re8 34. Rg1 f4 {[#]} (34... Qxa2 $11 {keeps the balance.} 35. Qc6 Qe2) 35. Qc6 ({White should play} 35. Rh5 $1 $16) 35... Rf8 36. Qd6 {[%cal Oh6g6] Threatens to win with Rxg6! Chess con chili.} fxg3 (36... Re8 $1 $11) 37. hxg3 $40 {[%mdl 128] White has some attack.} (37. Qxg3 $16 Qxg3 38. hxg3 (38. Rxg3 Re8 $16)) 37... Qxa2 $2 {[%mdl 8192] [#]} (37... Rf6 $11 38. Qd8+ Rf8) 38. Rxg6 $1 $18 {[%mdl 512]} hxg6 (38... Qf2 39. Rxg7) 39. Qxf8+ {White mates.} Kh7 40. Rf1 Qxb3 41. Rf7 {[%csl Gf7][%cal Rf8g7]} Qd1+ 42. Kg2 {[%csl Gf7][%cal Rf8g7]} Qe2+ 43. Rf2 Qe5 44. Rf4 Qe2+ 45. Kh3 g5 46. Be4+ Kh6 47. Qh8+ {Weighted Error Value: White=0.28 (precise) /Black=0.50} 1-0

[Event "Tatra Limba Master 2022"]
[Site "Poronin"]
[Date "2022.01.10"]
[Round "7.10"]
[White "Radzimski, Antoni"]
[Black "Rekuc, Patryk"]
[Result "0-1"]
[WhiteElo "1613"]
[BlackElo "1662"]
[Annotator "NA RC"]
[PlyCount "76"]
[EventDate "2022.01.07"]
[EventType "swiss"]
[EventCountry "POL"]
[SourceTitle "playchess.com"]
[Source "ChessBase"]
[SourceQuality "1"]
[TimeControl "5400+30"]

1. e4 {[%emt 0:00:01]} c5 {[%emt 0:00:14]} 2. Nf3 {[%emt 0:00:05]} Nc6 {[%emt 0:00:05]} 3. d4 {[%emt 0:00:08]} cxd4 {[%emt 0:00:05]} 4. Nxd4 {[%emt 0:00:04]} e5 {[%emt 0:00:04]} 5. Nb5 {[%emt 0:00:20]} d6 {[%emt 0:00:05]} 6. c4 {[%emt 0:00:15]} Be6 {[%emt 0:00:05]} 7. N1c3 {[%emt 0:00:20]} a6 {[%emt 0:00:10]} 8. Na3 {[%emt 0:00:07]} Nf6 {[%emt 0:00:08]} 9. Be2 {[%emt 0:00:10]} Be7 {[%emt 0:00:11]} 10. O-O {[%emt 0:00:17]} O-O {[%emt 0:00:13]} 11. Nc2 {[%emt 0:00:34]} Rc8 {[%emt 0:01:56]} 12. b3 {[%emt 0:00:53]} b5 {[%emt 0:10:12]} 13. cxb5 {[%emt 0:00:30]} Na7 {[%emt 0:00:06]} 14. Bb2 {[%emt 0:10:16]} Nxb5 {[%emt 0:00:54]} 15. Bxb5 {[%emt 0:01:54]} axb5 {[%emt 0:00:04]} 16. Qd3 {[%emt 0:08:16]} Qb6 {[%emt 0:02:34]} 17. Ne3 {[%emt 0:02:05]} Qb7 {[%emt 0:03:40]} 18. Rad1 {[%emt 0:04:10]} Ra8 {[%emt 0:07:58]} 19. Ra1 {[%emt 0:05:12]} Rfc8 {[%emt 0:02:37]} 20. Ncd5 {[%emt 0:01:57]} Nxd5 {[%emt 0:02:32]} 21. exd5 {[%emt 0:00:58]} Bd7 {[%emt 0:00:15]} 22. f4 {[%emt 0:03:46]} Re8 {[%emt 0:08:13]} 23. f5 {[%emt 0:06:15]} f6 {[%emt 0:05:43]} 24. h4 {[%emt 0:02:39]} Bd8 {[%emt 0:01:38]} 25. h5 {[%emt 0:01:36]} Bb6 {[%emt 0:08:59]} 26. Kh1 {[%emt 0:07:48]} Bxe3 {[%emt 0:00:14]} 27. Qxe3 {[%emt 0:00:06]} h6 {[%emt 0:05:18]} 28. Qe4 {[%emt 0:01:16]} Rec8 {[%emt 0:00:40]} 29. a3 {[%emt 0:11:13]} Be8 {[%emt 0:00:22]} 30. Rf3 {[%emt 0:06:56]} Bxh5 {[%emt 0:02:29]} 31. Rh3 {[%emt 0:00:54]} Bf7 {[%emt 0:01:04]} 32. Rd1 {[%emt 0:00:57]} Rc5 {[%emt 0:00:43]} 33. Rg3 {[%emt 0:01:11]} Bxd5 {[%emt 0:06:08]} 34. Qh4 {[%emt 0:00:15]} Rc2 {[%emt 0:11:27]} 35. Qxf6 {[%emt 0:01:38]} Rxg2 {[%emt 0:00:44]} 36. Rxd5 {[%emt 0:00:24]} Rxg3 {[%emt 0:00:09]} 37. Qe6+ {[%emt 0:00:47]} Qf7 {[%emt 0:06:25]} 38. Rxd6 {[%emt 0:00:07]} Re8 {[%emt 0:01:09]} 0-1

[Event "Tatra Limba Master 2022"]
[Site "Poronin"]
[Date "2022.01.10"]
[Round "7.11"]
[White "Kozlowski, Franciszek"]
[Black "Golis, Wiktor"]
[Result "1/2-1/2"]
[WhiteElo "1523"]
[BlackElo "1553"]
[Annotator "NA RC"]
[PlyCount "58"]
[EventDate "2022.01.07"]
[EventType "swiss"]
[EventCountry "POL"]
[SourceTitle "playchess.com"]
[Source "ChessBase"]
[SourceQuality "1"]
[TimeControl "5400+30"]

1. d4 {[%emt 0:00:02]} Nf6 {[%emt 0:00:08]} 2. Nf3 {[%emt 0:00:06]} e6 {[%emt 0:00:05]} 3. e3 {[%emt 0:00:51]} b6 {[%emt 0:00:07]} 4. b3 {[%emt 0:00:36]} Bb7 {[%emt 0:00:15]} 5. Bb2 {[%emt 0:00:09]} d5 {[%emt 0:00:17]} 6. Nbd2 {[%emt 0:01:52]} Nbd7 {[%emt 0:00:33]} 7. Bd3 {[%emt 0:03:00]} Bd6 {[%emt 0:00:31]} 8. O-O {[%emt 0:01:06]} O-O {[%emt 0:01:03]} 9. c4 {[%emt 0:05:13]} Ne4 {[%emt 0:03:49]} 10. Ne5 {[%emt 0:10:59]} Bxe5 {[%emt 0:02:18]} 11. dxe5 {[%emt 0:00:40]} Ndc5 {[%emt 0:00:46]} 12. Nxe4 {[%emt 0:02:55]} dxe4 {[%emt 0:02:36]} 13. Bc2 {[%emt 0:01:56]} Qg5 {[%emt 0:01:13]} 14. Qe2 {[%emt 0:08:38]} Nd3 {[%emt 0:01:31]} 15. h4 {[%emt 0:00:43]} Qf5 {[%emt 0:10:04]} 16. Bxd3 {[%emt 0:03:21]} exd3 {[%emt 0:00:10]} 17. Qd2 {[%emt 0:00:38]} Rfd8 {[%emt 0:01:51]} 18. f3 {[%emt 0:01:20]} Qg6 {[%emt 0:06:01]} 19. e4 {[%emt 0:01:34]} h6 {[%emt 0:02:35]} 20. Rf2 {[%emt 0:02:45]} Qg3 {[%emt 0:01:43]} 21. Rd1 {[%emt 0:01:05]} Rd7 {[%emt 0:08:49]} 22. Qe3 {[%emt 0:01:27]} Rad8 {[%emt 0:00:12]} 23. Rfd2 {[%emt 0:00:25]} Qxh4 {[%emt 0:00:33]} 24. Rxd3 {[%emt 0:00:53]} Rxd3 {[%emt 0:00:06]} 25. Rxd3 {[%emt 0:00:08]} Rxd3 {[%emt 0:00:06]} 26. Qxd3 {[%emt 0:00:06]} Qe1+ {[%emt 0:00:09]} 27. Kh2 {[%emt 0:01:43]} Qh4+ {[%emt 0:00:07]} 28. Kg1 {[%emt 0:00:49]} Qe1+ {[%emt 0:00:13]} 29. Kh2 {[%emt 0:00:47]} Qh4+ 1/2-1/2

[Event "Tatra Limba Master 2022"]
[Site "Poronin"]
[Date "2022.01.10"]
[Round "8.1"]
[White "Zielonka, Adam"]
[Black "Golubka, Petro"]
[Result "1/2-1/2"]
[WhiteElo "1862"]
[BlackElo "2408"]
[Annotator "TA"]
[PlyCount "26"]
[EventDate "2022.01.07"]
[EventType "swiss"]
[EventCountry "POL"]
[SourceTitle "playchess.com"]
[Source "ChessBase"]
[SourceQuality "1"]

{[%evp 9,26,38,46,47,91,92,92,92,86,84,161,153,162,146,150,129,160,155,154]} 1. c4 c6 2. Nf3 a6 3. e3 b5 4. b3 {[#]} d6 $146 ({Predecessor:} 4... Nf6 5. Bb2 g6 6. Be2 Bg7 7. O-O O-O 8. d4 d6 9. Nbd2 Nbd7 10. Qc2 Bb7 {½-½ (36) Moehring,G (2395)-Deev,A (2335) Trnava 1988}) 5. d4 Nf6 6. Be2 {A11: English Opening: 1...c6.} g5 (6... g6 $14) 7. O-O $16 h6 8. Bb2 {White is better.} Bg7 9. Qc2 d5 (9... O-O $16 {was called for.}) 10. Nbd2 Bg4 11. e4 dxe4 12. Nxe4 Nxe4 13. Qxe4 Bxf3 {Black got outplayed after the opening.  Weighted Error Value: White=0.05 (flawless) /Black=0.20 (precise)} 1/2-1/2

[Event "Tatra Limba Master 2022"]
[Site "Poronin"]
[Date "2022.01.10"]
[Round "8.2"]
[White "Kowalczyk, Pawel"]
[Black "Ustianovich, Nazar"]
[Result "0-1"]
[WhiteElo "2338"]
[BlackElo "2344"]
[Annotator "TA"]
[PlyCount "110"]
[EventDate "2022.01.07"]
[EventType "swiss"]
[EventCountry "POL"]
[SourceTitle "playchess.com"]
[Source "ChessBase"]
[SourceQuality "1"]

{[%evp 12,110,-2,-4,-9,-13,-2,-6,-10,-45,-42,-45,-37,-75,-42,-90,-79,-85,-97,-96,-54,-86,-75,-86,-59,-58,-53,-60,-71,-69,-58,-60,-53,-74,-46,-47,-44,-48,-39,-39,-35,-43,-33,-45,-16,-25,-2,-12,-10,-10,-11,-20,-20,-28,-13,-31,-25,-25,-21,-27,-27,-109,-109,-126,-116,-137,-136,-208,-216,-221,-202,-228,-213,-283,-313,-303,-298,-309,-294,-266,-256,-354,-337,-404,-404,-1022,-985,-6499,-6117,-11543,-10337,-10766,-7460,-29984,-29963,-29985,-2237,-29965,-29967,-29988,-29989]} 1. d4 Nf6 2. Nf3 e6 3. g3 b5 4. Bg2 Bb7 5. O-O c5 6. a4 b4 7. c4 cxd4 {A46: 1 d4 Nf6 2 Nf3 e6: Torre, London and Colle Systems.} 8. Nbd2 {Recently 8.Qxd4 got a lot of attention.} Be7 9. Nb3 O-O {The position is equal.} 10. Nbxd4 Na6 11. Bf4 d6 {[#]} 12. Bg5 $146 ({Predecessor:} 12. Nb5 Ne8 13. Qc2 Nc5 14. Be3 Be4 15. Qd1 Qc8 16. Nbd4 Qa6 17. b3 e5 18. Nb5 {0-1 (33) Radusinovic,L (2238)-Lapcevic,M (2381) Belgrade 2013}) 12... Nc5 13. e3 (13. a5 $15 {is more appropriate.}) 13... h6 14. Bxf6 Bxf6 ({Don't do} 14... gxf6 15. Nh4 Bxg2 16. Kxg2 $14 (16. Qg4+ Kh7 $11)) 15. Qe2 Qe7 ({Black should try} 15... e5 $17 16. Nf5 Qd7) 16. Rfd1 Rfd8 17. a5 a6 18. Nd2 Bxg2 19. Kxg2 Rac8 20. Kg1 Qc7 21. Rdc1 Qb7 22. Rc2 Rd7 {[%cal Bd8d7,Bd7c7,Bc7c5][%mdl 32] Black is more active.} 23. N4b3 Rcd8 24. e4 Qc7 25. h4 Rc8 26. f4 Qa7 {...Nxb3+ is the strong threat.} 27. Kh2 Rdc7 {[%cal Od6d5]} (27... Rcd8 {with more complications.} 28. Rf1 Qc7 29. Qf3 Qc6 30. Qe2 Qc8) 28. Rd1 Qb7 29. Nxc5 Rxc5 30. Nb3 {[%csl LRc5,LRd6]} R5c6 31. Qd3 Qc7 {[%cal Rc6c4]} 32. Rdc1 Qa7 33. Kh3 h5 34. Qe2 g6 35. Rd1 Qc7 36. c5 (36. Rcd2 $11 {remains equal.}) 36... dxc5 $17 {White is on the road to losing.} 37. e5 {[#]} Be7 38. Qc4 Rd8 39. Rcd2 (39. Rxd8+ $17 {might work better.} Qxd8 40. Kh2) 39... Rxd2 $19 40. Rxd2 Qb7 41. Kh2 Rc7 42. Rd3 Qb5 43. Nd2 ({Reject} 43. Qxb5 axb5 44. Rd2 Ra7 $19) 43... Qxa5 44. Qe4 Qb5 {White must now prevent ...c4.} 45. Nc4 Rd7 46. Rxd7 Qxd7 47. Qa8+ Kg7 {Hoping for ...Qd3.} 48. Qxa6 (48. Qf3 $142 a5 49. Kg2) 48... Qd3 49. Qb7 {[#]} Bxh4 $1 {[%mdl 512]} 50. Nd6 (50. Qg2 Qxc4) 50... Qxg3+ 51. Kh1 Qxf4 {( -> ...Qf1+)} 52. b3 Qf1+ 53. Kh2 Qf2+ (53... Bg5 $142 54. Qe4 Bf4+ 55. Qxf4 Qxf4+ 56. Kg1 Qxe5 57. Ne8+ Kf8 58. Kf2 Kxe8 59. Kf3 h4 60. Kf2 h3 61. Kf3 g5 62. Kg4 h2 63. Kf3 h1=Q+ 64. Kg4 Qf4#) 54. Kh1 Bg3 {[%csl Gg3][%cal Rf2h2]} 55. Nf5+ Qxf5 {Weighted Error Value: White=0.77/Black=0.21 (precise)} 0-1

[Event "Tatra Limba Master 2022"]
[Site "Poronin"]
[Date "2022.01.10"]
[Round "8.3"]
[White "Wysocki, Mateusz"]
[Black "Zylka, Stanislaw"]
[Result "0-1"]
[WhiteElo "1848"]
[BlackElo "2406"]
[Annotator "TA"]
[PlyCount "134"]
[EventDate "2022.01.07"]
[EventType "swiss"]
[EventCountry "POL"]
[SourceTitle "playchess.com"]
[Source "ChessBase"]
[SourceQuality "1"]

{[%evp 9,134,32,27,27,27,7,59,20,65,36,56,52,57,22,20,13,20,10,8,8,15,9,12,-16,-14,-21,-29,-29,-24,-37,-20,-25,-12,-60,-62,-62,-59,-57,-54,-56,-43,-45,-31,-56,-56,-60,-60,-52,-53,-77,-57,-54,-52,-74,-74,-74,-11,-11,0,-2,0,0,0,0,0,0,0,0,0,0,0,0,0,0,0,0,0,0,0,0,0,0,0,0,0,0,0,-8,0,0,0,0,0,0,0,0,0,0,0,-8,0,0,0,-8,-8,-8,-8,-8,-8,-8,0,0,0,-8,-8,-8,-8,-8,-8,-29980,-29981,-29981,-29982,-29982,-29983,-29983,-29982]} 1. e4 g6 2. d4 Bg7 3. Nc3 a6 4. a4 d6 5. h3 Nc6 6. Nf3 {B06: Modern Defence.} e5 7. Be3 Nge7 ({Black should play} 7... exd4 $11 8. Nxd4 Nge7) 8. Bc4 {[#] White is slightly better.} h6 $146 (8... exd4 $11 9. Nxd4 O-O) ({Predecessor:} 8... O-O 9. O-O exd4 10. Nxd4 Nxd4 11. Bxd4 Bxd4 12. Qxd4 Nc6 13. Qd2 Be6 14. Nd5 Ne5 {0-1 (47) Meyer,F (2212)-Meister,P (2359) Germany 2018}) 9. O-O O-O 10. dxe5 dxe5 11. Qxd8 Rxd8 12. Rfd1 Nd4 13. Bxd4 exd4 14. Ne2 {[%cal Re2d4]} b6 15. Nfxd4 Bb7 16. c3 (16. f3 $5 {[%cal Rc2c3]}) 16... Bxe4 17. Ng3 Bb7 18. Nde2 Kf8 19. Nf1 h5 20. Ne3 Bh6 21. Rxd8+ (21. f4 $11) 21... Rxd8 $15 22. Rd1 Rxd1+ 23. Nxd1 Nf5 24. Bd3 Ng7 25. f3 Ne6 26. Kf2 Nc5 {[%csl LRa4,LRd3]} 27. Bc2 Bc6 28. b3 h4 29. Ne3 Bg7 30. Nd4 Bb7 31. Ke2 Ke7 32. b4 Nd7 (32... Bxd4 $17 33. cxd4 Ne6) 33. Be4 $11 Bxe4 34. fxe4 {[%mdl 4096] Endgame KBN-KNN} c5 35. Nf3 Kd6 36. Kd3 b5 {Prevents Nc4+.} 37. axb5 axb5 38. Ng4 Bf8 39. Nxh4 cxb4 40. cxb4 Ne5+ 41. Nxe5 Kxe5 {KB-KN} 42. g3 Bxb4 43. Nf3+ Kd6 44. Nd4 Kc5 45. Nb3+ Kb6 46. Kd4 Kc6 47. g4 Be1 48. Nc1 Kd6 49. Nd3 Bg3 50. e5+ Ke6 51. Nc5+ Ke7 {[#] Threatens to win with ...Bf2+.} 52. Ne4 {To avoid Bf2+} Be1 53. Ng5 Bf2+ 54. Kd5 Be3 55. Nf3 b4 {aiming for ...b3.} 56. Kc4 Ke6 57. Kxb4 Kd5 58. Kc3 Ke4 59. Ne1 Bg5 60. Nd3 Bh6 61. h4 Bg7 62. h5 g5 63. Kc4 Ke3 64. Kd5 $2 {[%mdl 8192] [#] Now White is beyond hope.} Kxd3 {Black mates.} 65. e6 fxe6+ 66. Kxe6 Ke4 67. Kf7 Bc3 {Weighted Error Value: White=0.06 (flawless) /Black=0.07 (flawless)} 0-1

[Event "Tatra Limba Master 2022"]
[Site "Poronin"]
[Date "2022.01.10"]
[Round "8.4"]
[White "Pniaczek, Marek"]
[Black "Bartoszczuk, Adam"]
[Result "1-0"]
[WhiteElo "2329"]
[BlackElo "1380"]
[Annotator "TA"]
[PlyCount "89"]
[EventDate "2022.01.07"]
[EventType "swiss"]
[EventCountry "POL"]
[SourceTitle "playchess.com"]
[Source "ChessBase"]
[SourceQuality "1"]

{[%evp 26,89,70,76,90,75,146,147,123,64,77,47,131,133,125,56,50,56,60,60,76,76,95,79,208,220,216,212,469,475,1059,409,1024,356,575,391,558,534,427,525,500,193,179,0,329,306,318,216,371,366,495,491,468,479,623,617,600,584,955,849,12839,12839,12840,12840,12840,2506]} 1. e4 c5 2. Nf3 e6 3. d4 cxd4 4. Nxd4 a6 5. c4 Qc7 6. Nc3 Nf6 7. Be3 d6 8. Be2 Be7 9. O-O Nbd7 10. Qd2 b6 11. Rfc1 Bb7 12. f3 O-O 13. a4 {[%cal Ba2a4,Ba4a5][%mdl 32]} Rac8 14. a5 Qb8 {A31: Symmetrical English: 2 Nf3 Nf6 3 d4.} 15. axb6 Bd8 (15... Nxb6 $142 16. Nxe6 fxe6 17. Bxb6 d5) 16. Na4 $1 $16 Nc5 {White is clearly better.} 17. Qb4 (17. e5 $16 dxe5 18. Nxc5 exd4 19. Bf4 (19. Bxd4 Bxb6 20. Nxb7 Bxd4+ 21. Qxd4 Qxb7 $16)) 17... Nfd7 18. Nb3 {[%cal Ra4c5]} Bc6 {[#]} ({Black should try} 18... Nxa4 $1 $14 19. Qxa4 (19. Rxa4 Rc6 $14) 19... Bxb6 20. Bxb6 Nxb6) 19. Nbxc5 $146 ({Predecessor:} 19. Naxc5 dxc5 20. Qa3 Bxb6 21. Kh1 Qe5 22. Bf2 f5 23. Bg3 Qf6 24. exf5 exf5 25. Rd1 {1-0 (73) Castro,J (2293)-Corado Paz Castillo,R (2223) Caracas 2014}) 19... dxc5 20. Qa5 ({White should play} 20. Qa3 $16) 20... Nxb6 $14 21. Nxb6 (21. Nxc5 Nxc4 22. Qc3 Nxe3 23. Qxe3 Bf6 $15) 21... Bxb6 22. Qxa6 {[%cal Ob2b4]} Bc7 23. Bxc5 Bxh2+ 24. Kf1 $1 Rfd8 (24... Rfe8 $16) 25. b4 $18 Qf4 26. Rd1 $1 Bxe4 $2 {[#]} (26... Re8 27. Bf2 Qh6) 27. Rd4 $1 f5 (27... Qh6 $142 28. Rxd8+ (28. Rxe4 Rxc5 29. Qb6 Rcc8 $11) 28... Rxd8 29. fxe4 Qf6+ 30. Bf3 Be5) 28. Qxe6+ Kh8 29. Qf7 (29. Rad1 Qh4 30. Rxd8+ Rxd8 31. Rxd8+ Qxd8 32. fxe4) 29... Bg3 $2 (29... Rg8 30. Rad1 Bg3) 30. Rad1 Re8 (30... Rg8 $142 31. Bd6 Qh4 32. Bxg3 Qxg3) 31. Bd6 Qh4 {[%cal Rh4h1]} 32. Bxg3 {Active counter play!} Qxg3 33. Qh5 $2 $40 {[%mdl 128] White goes for the king.} (33. Qd7 {[%cal Od7c8] White wants to mate with Qxc8!} Rb8 34. fxe4 fxe4 35. Qg4) 33... Bc2 {[#]} 34. R1d2 ({Don't blunder} 34. Rh4 $2 h6 35. Rh3 (35. Rc1 $2 Rxe2 36. Kxe2 Qxg2+ 37. Ke3 Rd8 $19) 35... Qe5 $19) ({Only move:} 34. Re1 $1 $18) 34... Bb3 $2 {[%mdl 8192]} (34... g6 $2 35. Qh4 Qxh4 36. Rxh4 $18) (34... Ra8 $1 $11 35. Qxe8+ (35. Rxc2 {gets mated.} Ra1+) 35... Rxe8 36. Rxc2 Qh2) 35. Qh4 Qe5 {[%cal Og7g5]} 36. Qf4 {Hoping for Qxe5.} Qe7 (36... Qf6 37. b5 g5) 37. c5 Bd1 38. Rxd1 {White is clearly winning.} Qxe2+ 39. Kg1 Ra8 40. Qxf5 Ra2 {[%csl Ga2][%cal Re2g2]} 41. Qg4 Qf2+ 42. Kh2 g6 43. Rd8 Rae2 44. Rxe8+ Rxe8 45. Qd4+ {Weighted Error Value: White=0.49/Black=0.73} 1-0

[Event "Tatra Limba Master 2022"]
[Site "Poronin"]
[Date "2022.01.10"]
[Round "8.5"]
[White "Liskiewicz, Jakub"]
[Black "Walkusz, Witoslaw"]
[Result "1/2-1/2"]
[WhiteElo "1598"]
[BlackElo "2024"]
[Annotator "TA"]
[PlyCount "32"]
[EventDate "2022.01.07"]
[EventType "swiss"]
[EventCountry "POL"]
[SourceTitle "playchess.com"]
[Source "ChessBase"]
[SourceQuality "1"]

{[%evp 15,19,-11,-8,-34,-31,-41]} 1. d4 d5 2. Nf3 Nf6 3. g3 c5 4. c3 e6 5. Bg2 Nc6 6. O-O Be7 {[%cal Bf8e7,Be7c5,Bc5b6][%mdl 32]} 7. Nbd2 O-O 8. dxc5 Bxc5 9. Nb3 {D02: 1 d4 d5 2 Nf3 sidelines, including 2...Nf6 3 g3 and 2...Nf6 3 Bf4.} Bb6 10. Bf4 {[#]} {Predecessor:} Re8 $146 11. Ne5 Bd7 12. Qd3 Rc8 13. Rad1 Ne7 14. Bg5 Ng6 15. Bxf6 gxf6 16. Nxd7 Qxd7 {1-0 (25) Shannon,P (1934)-Laaman,T ICCF email 2017} 1/2-1/2